Pierre Niney - Statistiques

Statistiques générales
  • Ce quiz a été pris 189 fois
    159 depuis la dernière actualisation
  • Le résultat moyen est 14 sur 20
Statistiques - réponses
Par images Réponse % Correct
Five
92%
Le Flambeau
92%
20 ans d'écart
90%
Boîte noire
85%
La flamme
85%
Fiasco
83%
Yves Saint-Laurent
82%
Le Comte de Monte Cristo
79%
Sauver ou périr
77%
Lol
75%
Mascarade
67%
Oss 117
67%
Le livre des solutions
60%
Frantz
58%
Goliath
58%
Un homme idéal
52%
J'aime regarder les filles
50%
L'odyssée
46%
Comme des frères
39%
La promesse de l'aube
39%
Aucun quiz correspondant
Distribution des résultats
% des personnes avec chaque résultat
Percentile par nombre de réponses
Votre historique - résultats
Vous n’avez pas pris ce quiz depuis la dernière actualisation